बेटी (Record no. 159457)

MARC details
000 -LEADER
fixed length control field 00437nam a2200145Ia 4500
008 - FIXED-LENGTH DATA ELEMENTS--GENERAL INFORMATION
fixed length control field 230917s9999||||xx |||||||||||||| ||und||
040 ## - CATALOGING SOURCE
-- 196213
Original cataloging agency VIVEKANANDA LIBRARY
041 ## - Language
-- English
082 ## - DDC NUMBER
Classification number 891.491503741 DR536B
100 ## - MAIN ENTRY--PERSONAL NAME
Personal name धनखड़, राजबीर सिंह
245 #0 - TITLE STATEMENT
Title बेटी
260 ## - PUBLICATION, DISTRIBUTION, ETC. (IMPRINT)
Place of publication, distribution, etc नई दिल्ली
Name of publisher, distributor, etc लक्ष्मी प्रकाशन
Date of publication, distribution, etc 2009
300 ## - PHYSICAL DESCRIPTION
Pages 112 पृ. p.
942 ## - ADDED ENTRY ELEMENTS (KOHA)
Koha item type Hindi Books
Holdings
Withdrawn status Lost status Damaged status Not for loan Location (home branch) Sublocation or collection (holding branch) Date acquired Koha issues (times borrowed) Koha full call number Accession No. Koha date last seen Koha item type
        VIVEKANANDA LIBRARY VIVEKANANDA LIBRARY 03/02/2012 1 891.491503741 DR536B 292462 20/01/2026 Hindi Books
        VIVEKANANDA LIBRARY VIVEKANANDA LIBRARY 03/02/2012   891.491503741 DR536B 292463 17/09/2023 Hindi Books
        VIVEKANANDA LIBRARY VIVEKANANDA LIBRARY 03/02/2012   891.491503741 DR536B 332398 17/09/2023 Hindi Books
        VIVEKANANDA LIBRARY VIVEKANANDA LIBRARY 03/02/2012   891.491503741 DR536B 335360 17/09/2023 Hindi Books
        VIVEKANANDA LIBRARY VIVEKANANDA LIBRARY 03/02/2012 3 891.491503741 DR536B 335361 20/01/2025 Hindi Books
© Designed and Maintained by Vivekananda Library, MDU Rohtak